Quimeras y esperanzas de la Cumbre Iberoamericana

Uloženo v:
Podrobná bibliografie
Médium: Text
Témata:
Tagy: Přidat tag
Žádné tagy, Buďte první, kdo vytvoří štítek k tomuto záznamu!

MARC

LEADER 00000 a a2200000 04500
001 6618
003
040
245 |a Quimeras y esperanzas de la Cumbre Iberoamericana  
650 |a LIBERALIZACION DEL INTERCAMBIO  
650 |a COMPETITIVIDAD  
773 |g volumen 23, número 1025; páginas 10-11  
999 |c 23129  |d 23129